Obras II: Orfeo. Aminta

Gorde:
Xehetasun bibliografikoak
Egile nagusia: Jáuregui, Juan de
Formatua: Liburua
Hizkuntza:Undetermined
Argitaratua: Madrid, España Espasa Calpe 1973
Gaiak:
Etiketak: Etiketa erantsi
Etiketarik gabe, Izan zaitez lehena erregistro honi etiketa jartzen!

MARC

LEADER 00000nam a2200000Ia 4500
008 170316s9999 xx 000 0 und d
040 |a cru BVZT 
090 |a 862 J-3o v.2 
100 |a Jáuregui, Juan de 
245 |a Obras II: Orfeo. Aminta 
260 |a Madrid, España 
260 |b Espasa Calpe 
260 |c 1973 
300 |a 185 páginas 
650 |a LITERATURA ESPAÑOLA 
999 |c 10026  |d 10026 
942 |c 15 D  |h 862 J-3o v.2  |2 z